| 000 | 02604cam a22004218i 4500 | ||
|---|---|---|---|
| 001 | 21253652 | ||
| 003 | JO-AjAnu | ||
| 005 | 20240501094950.0 | ||
| 008 | 191018s2021 nyu 001 0 eng | ||
| 010 | _a 2019039835 | ||
| 020 |
_a9781108486668 _q(hardback) |
||
| 020 |
_z9781108761529 _q(epub) |
||
| 040 |
_aDLC _beng _erda _cDLC _dJO-AjAnu |
||
| 041 | 0 |
_aeng _heng |
|
| 042 | _apcc | ||
| 050 | 0 | 0 |
_aP118.2 _b.V378 2021 |
| 082 | 0 | 0 |
_a418.0071 _223 |
| 100 | 1 |
_aVanPatten, Bill, _eauthor. |
|
| 245 | 1 | 0 |
_aKey questions in second language acquisition : _ban introduction / _cBill VanPatten, Megan Smith, Alessandro G. Benati. |
| 250 | _a3rd printing | ||
| 263 | _a2107 | ||
| 264 | 1 |
_aNew York : _bCambridge University Press, _c2021. |
|
| 300 | _apages cm | ||
| 336 |
_atext _btxt _2rdacontent |
||
| 337 |
_aunmediated _bn _2rdamedia |
||
| 338 |
_avolume _bnc _2rdacarrier |
||
| 500 | _aIncludes index. | ||
| 505 | 0 | _a1. What Are the Origins of Second Language Acquisition as a Research Field? -- 2. What Does Development Look Like? -- 3. What Are the Roles of Input and Output? -- 4. What Is the Initial State? -- 5. Can L2 Learners Become Nativelike? -- 6. Does Instruction Make a Difference? -- 7. What Role Does Explicit Learning Play in L2 Acquisition? -- 8. What Are Individual Differences and How Do They Affect L2 Acquisition? -- Epilogue -- Glossary -- Index. | |
| 520 |
_a"This highly accessible introductory textbook carefully explores the main issues that have driven the field of second language acquisition research. Intended for students with little or no background in linguistics or psycholinguistics, it explains important linguistic concepts, and how and why they are relevant to second language acquisition. Topics are presented via a "key questions" structure that enables the reader to understand how these questions have motivated research in the field, and the problems to which researchers are seeking solutions. It provides a complete package for any introductory course on second language acquisition"-- _cProvided by publisher. |
||
| 650 | 0 |
_aSecond language acquisition _xResearch. |
|
| 650 | 0 |
_aLanguage and languages _xStudy and teaching _xResearch. |
|
| 700 | 1 |
_aSmith, Megan _c(Linguist), _eauthor. |
|
| 700 | 1 |
_aBenati, Alessandro G., _eauthor. |
|
| 776 | 0 | 8 |
_iOnline version: _aVanPatten, Bill, _tKey questions in second language acquisition _dNew York : Cambridge University Press, 2021. _z9781108761529 _w(DLC) 2019039836 |
| 906 |
_a7 _bcbc _corignew _d1 _eecip _f20 _gy-gencatlg |
||
| 942 |
_2lcc _cBK _n0 |
||
| 999 |
_c33482 _d33482 |
||